Historia de la Guerra Civil, y de los partidos liberal y carlista / (Record no. 162203)

MARC details
000 -LEADER
campo de control de longitud fija 01246nam a22002295i 4500
001 - NÚMERO DE CONTROL
campo de control 162203
003 - IDENTIFICADOR DE NÚMERO DE CONTROL
campo de control ES-MaACL
005 - FECHA Y HORA DE LA ÚLTIMA TRANSACCIÓN
campo de control 20240328063537.0
008 - DATOS DE LONGITUD FIJA--INFORMACIÓN GENERAL
campo de control de longitud fija 990120m18681869sp a |||| | spa d
040 ## - FUENTE DE CATALOGACIÓN
Centro catalogador/agencia de origen CCPB | B
Lengua de catalogación spa
Centro/agencia transcriptor CCPB | B
100 1# - ENTRADA PRINCIPAL--NOMBRE DE PERSONA
Nombre de persona Pirala, Antonio,
Fechas asociadas al nombre 1824-1903
9 (RLIN) 92337
245 10 - MENCIÓN DEL TÍTULO
Título Historia de la Guerra Civil, y de los partidos liberal y carlista /
Mención de responsabilidad, etc. por Antonio Pirala.
250 ## - MENCION DE EDICION
Mención de edición 2ª ed. refundida y aum. con la historia de la regencia de Espartero.
260 ## - PUBLICACIÓN, DISTRIBUCIÓN, ETC.
Lugar de publicación, distribución, etc. Madrid :
Nombre del editor, distribuidor, etc. [s.n.],
Fecha de publicación, distribución, etc. 1868-1869 (
Fabricante Imprenta de los Señores F. de P. Mellado y Cª)
300 ## - DESCRIPCIÓN FÍSICA
Extensión 6 v. :
Otras características físicas lám. ;
Dimensiones 25 cm.
595 ## -
-- Existe una ed. idéntica a ésta, cuyo vol. VI está fechado en 1870.
596 ## - NOTA AL PIE DE IMPRENTA
NOTA AL PIE DE IMPRENTA El pie de imprenta varía: Vol. 3-4: Imprenta a cargo de Dionisio Chaulié; Vol. 5: Imprenta y Librería Universal de los señores Crespo Martín y Compa.; Vol. 6: Imprenta de la Sociedad Española de Crédito Comercial.
597 ## - NOTA DE DESCRIPCIÓN FÍSICA
NOTA DE DESCRIPCIÓN FÍSICA Vol. I ( XVIII, 668 p., [5] f. de lám.) -- Vol. II ( 640 p.) -- Vol. III ( 698) -- Vol. IV (740 p.) -- Vol. V ( 680 p.) -- Vol. VI ( 709 p.)
651 #4 - PUNTO DE ACCESO ADICIONAL DE MATERIA--NOMBRE GEOGRÁFICO
Nombre geográfico España-
Subdivisión general Historia-
Subdivisión cronológica 1833-1840, Guerra carlista
9 (RLIN) 8250
852 ## - LOCALIZACIÓN
Ubicación ES-MaACL
Número de control de estantería C-114-19
Nota libre -- Enc. hol.
Holdings
Estatus retirado Estado de pérdida Estado de daño No para préstamo Colección Biblioteca de origen Biblioteca actual Ubicación en estantería Fecha de adquisición Total de préstamos Signatura topográfica completa Código de barras Visto por última vez Precio de reemplazo Tipo de ítem Koha
        Libros del s. XIX Biblioteca del Ateneo de Madrid Biblioteca del Ateneo de Madrid Sala Palomar 17/01/2008   C-114-19 1169926 23/02/2023 23/02/2023 Libro impreso antiguo